000 00384nam a2200181Ia 4500
005 20240823055618.0
008 240823s9999||||xx |||||||||||||| ||und||
041 _aENGLISH
082 _A515 Q2
100 _aArora A N
245 0 _aAnalysis II
250 _a1st
260 _c2012
_bALP
500 _aYES
650 _aAnalysis
_bMathematics
942 _cBK
999 _c229195
_d229195